LEADER 01038cam0 22002531 450 001 SOBE00056114 005 20170615113528.0 100 $a20170615d1807 |||||ita|0103 ba 101 $afre 102 $aFR 200 1 $aCranologie, ou Découvertes nouvelles du docteur F. J. Gall, concernant le cerveau, le crâne et les organes ... Ouvrage traduit de l'allemand 210 $aParis$cchez H. Nicolle$d1807 215 $aXVI, 342 p.$d8° 700 1$aGall$b, Franz Josef$3SOBA00014788$4070$0155544 712 02$a*Nicolle, Gabriel Henri$3SOBA00014789$4070 801 0$aIT$bBEM$c20170615$gRICA 850 $aBEM 852 $aBEM$j2$m00530 912 $aSOBE00056114 940 $aM 103 Monografia antica SBN 941 $aM 957 $xLibrerie|Verdi$a2$b121$gNO$cLV$d00530$hLibrerieVerdi$1tcalvano$2BEM$3BEM$420170615113454.0$520170615113528.0$6tcalvano 996 $aCranologie, ou Découvertes nouvelles du docteur F. J. Gall, concernant le cerveau, le crâne et les organes ... Ouvrage traduit de l'allemand$91725998 997 $aUNISOB LEADER 01906nas 2200541- 450 001 9910308055603321 005 20240425173355.0 011 $a2589-2991 035 $a(OCoLC)1035311651 035 $a(CKB)4100000003205468 035 $a(CONSER)--2023241932 035 $a(DE-599)ZDB2945334-3 035 $a(EXLCZ)994100000003205468 100 $a20180504a20189999 --- - 101 0 $aeng 135 $aurmnu|||||||| 181 $ctxt$2rdacontent 182 $cc$2rdamedia 183 $acr$2rdacarrier 200 00$aMaterials science for energy technologies 210 1$aAmsterdam :$cElsevier B.V. on behalf of KeAi Communication Co., Ltd.,$d2018- 215 $a1 online resource 300 $aRefereed/Peer-reviewed 606 $aEnvironmental engineering$xMaterials$vPeriodicals 606 $aRenewable energy sources$xMaterials$vPeriodicals 606 $aRadioactive waste disposal$xMaterials$vPeriodicals 606 $aGreen products$xMaterials$vPeriodicals 606 $aTechnique de l'environnement$xMatériaux$vPériodiques 606 $aÉnergies renouvelables$xMatériaux$vPériodiques 606 $aProduits écologiques$xMatériaux$vPériodiques 608 $aPeriodical. 608 $aPeriodicals.$2fast 608 $aPeriodicals.$2lcgft 608 $aPériodiques.$2rvmgf 615 0$aEnvironmental engineering$xMaterials 615 0$aRenewable energy sources$xMaterials 615 0$aRadioactive waste disposal$xMaterials 615 0$aGreen products$xMaterials 615 6$aTechnique de l'environnement$xMatériaux 615 6$aÉnergies renouvelables$xMatériaux 615 6$aProduits écologiques$xMatériaux 676 $a340 712 02$aKeAi Communication Co. Ltd., 712 02$aElsevier (Firm), 906 $aJOURNAL 912 $a9910308055603321 996 $aMaterials Science for Energy Technologies$91893592 997 $aUNINA